Contenders Teams that have beaten OWL Teams - Statistics

General Stats
  • This quiz has been taken 25 times
  • The average score is 3 of 7
Answer Stats
Wins Team % Correct
5 O2 Blast
95%
4 Dreamers
67%
1 Twisted Minds
43%
3 Sin Prisa Gaming
38%
1 Trick Room
38%
2 Saints
29%
1 Panthera
24%
No matching quizzes found
Score Distribution
Percent of People with Each Score
Percentile by Number Answered
Your Score History
You have not taken this quiz